Formel 1 Podium 1988 - Statistiken

Allgemein
  • Dieses Quiz wurde 90 mal gespielt
  • Das Durchschnittsergebnis liegt bei 6 aus 10
Antwortstatistiken
Antwort % Korrekt
Ayrton Senna
100%
Alain Prost
99%
Nigel Mansell
91%
Gerhard Berger
85%
Nelson Piquet
72%
Michele Alboreto
58%
Alessandro Nannini
51%
Thierry Boutsen
49%
Eddie Cheever
22%
Ivan Capelli
12%
Keine übereinstimmenden Quizze gefunden
Verteilung der Resultate
Anzahl Personen mit jedem Resultat
Perzentil nach korrekt beantworteten Fragen
Ihre Resultats-Entwicklung
Sie haben dieses Quiz noch nicht gespielt